[Event "II. CLANSKA LIGA ZAHOD 2019"]
[Site "Komenda"]
[Date "2019.11.17"]
[Round "5.6"]
[White "Konvalinka, Kostja"]
[Black "Guid, Taja"]
[Result "1/2-1/2"]
[WhiteElo "1702"]
[BlackElo "1557"]
[PlyCount "85"]
[EventDate "2019.11.17"]
[WhiteTeam "SK TRZIN"]
[BlackTeam "SK LJUBLJANA"]

1. e4 c5 2. Nf3 Nc6 3. d4 cxd4 4. Nxd4 g6 5. Bc4 Bg7 6. Be3 Nf6 7. Nc3 O-O 8.
f3 d6 9. Qd2 Nxd4 10. Bxd4 Bd7 11. O-O Bc6 12. Rad1 a5 13. Kh1 Nd7 14. Bxg7
Kxg7 15. Bd5 Nc5 16. Rfe1 Rc8 17. e5 Bxd5 18. Qxd5 Rc6 19. exd6 Qxd6 20. Qxd6
exd6 21. Rd5 Rd8 22. Red1 Kf8 23. h3 Ke7 24. R1d2 b6 25. Nb5 Rd7 26. Kg1 Ne6
27. Nd4 Nxd4 28. R5xd4 Rdc7 29. c3 Rd7 30. Kf2 Rc5 31. Re2+ Re5 32. f4 Rxe2+
33. Kxe2 d5 34. g4 Ke6 35. Kf3 Kf6 36. a4 Ke6 37. h4 Kf6 38. c4 Ke6 39. cxd5+
Rxd5 40. Ke3 Rxd4 41. Kxd4 Kd6 42. Kc4 Kc6 43. g5 1/2-1/2

[Event "II. CLANSKA LIGA ZAHOD 2019"]
[Site "Komenda"]
[Date "2019.11.30"]
[Round "6.1"]
[White "Bajzelj, Primoz"]
[Black "Sivic, Klemen"]
[Result "0-1"]
[WhiteElo "2062"]
[BlackElo "2056"]
[PlyCount "68"]
[EventDate "2019.11.30"]
[WhiteTeam "SD RADOVLJICA"]
[BlackTeam "SK TRZIN"]

1. d4 g6 2. Nf3 Bg7 3. e4 c6 4. Bc4 d6 5. O-O Nd7 6. Qe2 e6 7. c3 b5 8. Bd3 Bb7
9. Bf4 e5 10. Be3 Ngf6 11. Nbd2 O-O 12. a4 a6 13. b4 Ng4 14. Nb3 Nxe3 15. fxe3
Qb6 16. Na5 Bc8 17. h3 Rb8 18. Kh1 exd4 19. cxd4 c5 20. axb5 axb5 21. Qb2 c4
22. Bc2 Qc7 23. Qc3 Nb6 24. Rae1 Ra8 25. Nd2 Be6 26. Rf3 f5 27. Ref1 fxe4 28.
Rxf8+ Rxf8 29. Rxf8+ Bxf8 30. Bxe4 Na4 31. Qa3 d5 32. Bc2 Qxa5 33. Qxa4 Qxa4
34. Bxa4 bxa4 0-1

[Event "II. CLANSKA LIGA ZAHOD 2019"]
[Site "Komenda"]
[Date "2019.11.30"]
[Round "6.2"]
[White "Jukan, Nesib"]
[Black "Buha, Drago"]
[Result "1/2-1/2"]
[WhiteElo "1976"]
[BlackElo "1949"]
[PlyCount "177"]
[EventDate "2019.11.30"]
[WhiteTeam "SK TRZIN"]
[BlackTeam "SD RADOVLJICA"]

1. d4 d5 2. Bg5 Nc6 3. Nf3 h6 4. Bf4 Bf5 5. a3 e6 6. e3 Bd6 7. Bg3 Nge7 8. Nbd2
O-O 9. c4 dxc4 10. e4 Bxg3 11. exf5 Bf4 12. fxe6 Bxd2+ 13. Qxd2 fxe6 14. Bxc4
Nd5 15. O-O-O Qf6 16. Rhe1 Rae8 17. Re4 Re7 18. Rde1 Rfe8 19. Rxe6 Rxe6 20.
Bxd5 Nd8 21. Bxe6+ Rxe6 22. Re3 Rc6+ 23. Rc3 Qd6 24. Rxc6 Nxc6 25. Qc3 b6 26.
Kd2 Ne7 27. Ke2 Nd5 28. Qd2 Qe6+ 29. Kf1 Qe4 30. Qe2 Qb1+ 31. Ne1 Qf5 32. f3
Nf6 33. Qc4+ Nd5 34. Qe2 Nf6 35. Qe5 Qd7 36. g4 Qf7 37. h4 Nxg4 38. Qe4 Nf6 39.
Qa8+ Kh7 40. Qc6 a5 41. b4 {(=)} axb4 42. axb4 Nd5 43. b5 Qf5 44. Kf2 Qf7 45.
Nd3 Nf6 46. Ne5 Qd5 47. Qc2+ Kg8 48. Ke3 Qxb5 49. Qa2+ Qd5 50. Qc2 c5 51. Qc4
Kf8 52. Qxd5 Nxd5+ 53. Kd3 cxd4 54. Kxd4 Ne7 55. Nd7+ Kf7 56. Nxb6 Nf5+ 57. Ke5
Nxh4 58. f4 Kg6 59. Nd5 Nf5 60. Nc3 Ng3 61. Nd1 h5 62. Nf2 Nf5 63. Nh3 Nh6 64.
Ke4 Nf7 65. Kf3 Kf5 66. Kg3 Nd8 67. Ng5 g6 68. Kf3 Nc6 69. Kg3 Nd4 70. Nf7 Ne2+
71. Kf3 Nxf4 72. Nd6+ Ke6 73. Ne4 Nd3 74. Ke3 Ne1 75. Kf4 Ng2+ 76. Kg5 Ke5 77.
Nf2 Nf4 78. Nd1 Ke4 79. Nf2+ Kf3 80. Nd1 Kg3 81. Ne3 Kf3 82. Nc4 Ke4 83. Nd6+
Ke5 84. Nc4+ Kd4 85. Nd2 Ke3 86. Nc4+ Kf3 87. Ne5+ Kg3 88. Nxg6 Nxg6 89. Kxh5
1/2-1/2

[Event "II. CLANSKA LIGA ZAHOD 2019"]
[Site "Komenda"]
[Date "2019.11.30"]
[Round "6.3"]
[White "Pretnar, Bostjan"]
[Black "Lah, Emil"]
[Result "0-1"]
[WhiteElo "1768"]
[BlackElo "1951"]
[PlyCount "96"]
[EventDate "2019.11.30"]
[WhiteTeam "SD RADOVLJICA"]
[BlackTeam "SK TRZIN"]

1. d4 Nf6 2. Bf4 c5 3. e3 Qb6 4. Nc3 cxd4 5. exd4 e6 6. Nb5 d6 7. a4 a6 8. a5
Qc6 9. Nc3 b5 10. Nf3 Bb7 11. Bd3 Be7 12. Qe2 Qc7 13. O-O Nc6 14. Bd2 Nxa5 15.
Nd5 Bxd5 16. Rxa5 O-O 17. Rfa1 Bb7 18. c4 bxc4 19. Bxc4 Rfb8 20. Bc3 Bxf3 21.
gxf3 d5 22. Bxa6 Bb4 23. Bxb4 Rxb4 24. Rc5 Qb6 25. Rac1 g6 26. Rc6 Qxd4 27.
R1c2 Rab8 28. Rc8+ Rxc8 29. Bxc8 e5 30. Bh3 Kg7 31. Kh1 Ra4 32. Rd2 Ra1+ 33.
Kg2 Qf4 34. Qe3 Ra4 35. b3 Rb4 36. Qxf4 Rxf4 37. Bc8 Rb4 38. Rd3 Nh5 39. Kf1
Nf4 40. Re3 f6 41. Bd7 d4 42. Re1 Rxb3 43. Bc6 Rc3 44. Ba4 Ra3 45. Bb5 Rxf3 46.
Rd1 f5 47. Bc6 Rc3 48. Bb7 Kf6 0-1

[Event "II. CLANSKA LIGA ZAHOD 2019"]
[Site "Komenda"]
[Date "2019.11.30"]
[Round "6.4"]
[White "Rojs, Igor"]
[Black "Simnic, Franci"]
[Result "1/2-1/2"]
[WhiteElo "1995"]
[BlackElo "1664"]
[PlyCount "70"]
[EventDate "2019.11.30"]
[WhiteTeam "SK TRZIN"]
[BlackTeam "SD RADOVLJICA"]

1. d4 Nf6 2. Nf3 e6 3. b3 c5 4. Bb2 Nc6 5. e3 cxd4 6. Nxd4 Bb4+ 7. c3 Be7 8. g3
d5 9. Bg2 O-O 10. Nd2 Ne5 11. Qe2 Ng6 12. h4 e5 13. Nc2 Bf5 14. O-O-O h5 15. e4
Bg4 16. f3 Be6 17. exd5 Qxd5 18. Rhe1 Qa5 19. a3 Qb6 20. c4 Nd7 21. Qe3 Qc7 22.
Ne4 b5 23. cxb5 Rac8 24. Rd2 f5 25. Ng5 Bxg5 26. hxg5 Nc5 27. Kb1 Nxb3 28. Rf2
Qa5 29. Bf1 Rfd8 30. Nb4 f4 31. Qe4 Qb6 32. Qxg6 Nd2+ 33. Ka1 Nb3+ 34. Kb1 Nd2+
35. Ka1 Nb3+ 1/2-1/2

[Event "II. CLANSKA LIGA ZAHOD 2019"]
[Site "Komenda"]
[Date "2019.11.30"]
[Round "6.5"]
[White "Krivec, Metod"]
[Black "Suhadolnik, Jernej"]
[Result "0-1"]
[WhiteElo "1759"]
[BlackElo "1863"]
[PlyCount "148"]
[EventDate "2019.11.30"]
[WhiteTeam "SD RADOVLJICA"]
[BlackTeam "SK TRZIN"]

1. d4 b5 2. e3 Bb7 3. Nf3 a6 4. c4 bxc4 5. Bxc4 Nf6 6. Qb3 Qc8 7. Bxf7+ Kd8 8.
Bc4 e6 9. Nc3 Nc6 10. Qc2 Nb4 11. Qe2 d5 12. Bb3 a5 13. Ne5 Ba6 14. Qd1 Bd6 15.
a3 Bxe5 16. axb4 Bd6 17. b5 Bb7 18. O-O Qd7 19. Bd2 Ke7 20. Ba4 Bb4 21. Qe2 Qd6
22. Rfc1 Rhb8 23. Rc2 c5 24. bxc6 Bxc6 25. Bxc6 Qxc6 26. Rac1 Qa6 27. Qxa6 Rxa6
28. f3 Rab6 29. Ra1 Kd6 30. Kf2 Nd7 31. Ke2 e5 32. Kd3 g5 33. Be1 h5 34. h4 g4
35. fxg4 hxg4 36. Rf2 Ke6 37. g3 Ra8 38. Bd2 Bd6 39. Na4 e4+ 40. Kc2 Rc6+ 41.
Bc3 Bxg3 42. Rg2 Bxh4 43. Rxg4 Be7 44. Rg6+ Nf6 45. Kd2 Raa6 46. Rg7 Ne8 47.
Rg6+ Kd7 48. Rxc6 Kxc6 49. Rg1 Nd6 50. Rg6 Kc7 51. Kc2 Ra7 52. Nc5 Nc4 53. Ne6+
Kd7 54. Nf4 Nxe3+ 55. Kb1 Ke8 56. b3 Rb7 57. Ka2 Bb4 58. Bb2 Rf7 59. Ne6 Rf2
60. Kb1 Nd1 61. Ba1 Kf7 62. Rh6 Ne3 63. Nc7 Rf5 64. Rh7+ Kg6 65. Rd7 Kg5 66.
Bb2 Kg4 67. Rg7+ Kf3 68. Rg1 Ke2 69. Rh1 Rf1+ 70. Rxf1 Kxf1 71. Bc1 Ke2 72. Kb2
Kd3 73. Bxe3 Kxe3 74. Nxd5+ Kxd4 0-1

[Event "II. CLANSKA LIGA ZAHOD 2019"]
[Site "Komenda"]
[Date "2019.11.30"]
[Round "6.6"]
[White "Rijavec, Stane"]
[Black "Torkar, Boris"]
[Result "0-1"]
[WhiteElo "1845"]
[BlackElo "1777"]
[PlyCount "38"]
[EventDate "2019.11.30"]
[WhiteTeam "SK TRZIN"]
[BlackTeam "SD RADOVLJICA"]

1. Nf3 d5 2. d4 Bf5 3. e3 Nf6 4. Bd3 Bg4 5. Nbd2 e6 6. c4 c6 7. b3 Bd6 8. Bb2
Nbd7 9. O-O O-O 10. Qc2 Ne4 11. Ne5 Bxe5 12. Nxe4 Bxh2+ 13. Kxh2 Qh4+ 14. Kg1
dxe4 15. Bxe4 f5 16. Bd3 Bf3 17. Rfe1 Rf6 18. gxf3 Qh3 19. Bf1 Rg6+ 0-1

[Event "II. CLANSKA LIGA ZAHOD 2019"]
[Site "Komenda"]
[Date "2019.11.30"]
[Round "6.1"]
[White "Olenik Campa, Rudi"]
[Black "Persl, Bojan"]
[Result "1-0"]
[WhiteElo "1997"]
[BlackElo "2097"]
[PlyCount "73"]
[EventDate "2019.11.30"]
[WhiteTeam "SD DOMZALE TAJFUN 2"]
[BlackTeam "SK LJUBLJANA"]

1. e4 e5 2. Nf3 Nc6 3. Bb5 a6 4. Ba4 Nf6 5. O-O Nxe4 6. Re1 Nc5 7. Bxc6 bxc6 8.
d4 Ne6 9. Nxe5 Qh4 10. Qf3 Bd6 11. Qxf7+ Kd8 12. Qxe6 dxe6 13. Bg5+ Qxg5 14.
Nf7+ Ke7 15. Nxg5 h6 16. Nf3 Rb8 17. b3 c5 18. d5 Kf6 19. dxe6 Bb7 20. Nbd2
Rbd8 21. Ne4+ Kf5 22. Ng3+ Kf6 23. Ne4+ Kf5 24. Nxd6+ cxd6 25. e7 Rde8 26. c4
g5 27. Re3 Rh7 28. Rae1 Rf7 29. Nd2 Kg6 30. Ne4 Bxe4 31. Rxe4 Rf6 32. Re6 Kf7
33. Rxf6+ Kxf6 34. f3 h5 35. Kf2 Kf5 36. Rd1 Rxe7 37. Rxd6 1-0

[Event "II. CLANSKA LIGA ZAHOD 2019"]
[Site "Komenda"]
[Date "2019.11.30"]
[Round "6.2"]
[White "Kodela, Marko"]
[Black "Osolin, Bogdan"]
[Result "1/2-1/2"]
[WhiteElo "1960"]
[BlackElo "1976"]
[PlyCount "50"]
[EventDate "2019.11.30"]
[WhiteTeam "SK LJUBLJANA"]
[BlackTeam "SD DOMZALE TAJFUN 2"]

1. c4 b5 2. cxb5 a6 3. bxa6 Bxa6 4. Nf3 g6 5. g3 Bg7 6. Bg2 Nc6 7. Nc3 Nh6 8.
O-O Rb8 9. a3 Nf5 10. d3 O-O 11. Ra2 e6 12. Qa4 Qc8 13. Bd2 Nfe7 14. b4 Nd5 15.
Rc1 Nce7 16. Qc2 c6 17. Ne4 Qc7 18. Nc5 Bc8 19. d4 d6 20. Nd3 Qa7 21. e3 Ba6
22. Bf1 Bb7 23. Bg2 Ba6 24. Bf1 Bb7 25. Bg2 Ba6 1/2-1/2

[Event "II. CLANSKA LIGA ZAHOD 2019"]
[Site "Komenda"]
[Date "2019.11.30"]
[Round "6.3"]
[White "Cokan, Mirko"]
[Black "Zmavc, Mark"]
[Result "0-1"]
[WhiteElo "1728"]
[BlackElo "1839"]
[PlyCount "78"]
[EventDate "2019.11.30"]
[WhiteTeam "SD DOMZALE TAJFUN 2"]
[BlackTeam "SK LJUBLJANA"]

1. d4 d5 2. Bf4 c5 3. e3 Nc6 4. c3 Qb6 5. Qb3 c4 6. Qc2 Nf6 7. Nd2 Bg4 8. f3
Bh5 9. b3 Bg6 10. Qb2 e6 11. e4 Be7 12. Nh3 cxb3 13. axb3 dxe4 14. Nc4 Qd8 15.
fxe4 Nxe4 16. Nf2 O-O 17. Nxe4 Bxe4 18. Kf2 Bh4+ 19. Kg1 Bf6 20. Qe2 Bg6 21.
Rd1 a6 22. g3 b5 23. Ne5 Bxe5 24. dxe5 Qb6+ 25. Be3 Qc7 26. Bg2 Rad8 27. Kf2
Nxe5 28. Bf4 f6 29. Rhe1 Qxc3 30. Kg1 Nd3 31. Qxe6+ Bf7 32. Qe3 Rfe8 33. Rxd3
Qxe1+ 34. Qxe1 Rxe1+ 35. Kf2 Rxd3 36. Kxe1 Rxb3 37. Bc7 Rb2 38. Bb7 Rxh2 39.
Bxa6 b4 0-1

[Event "II. CLANSKA LIGA ZAHOD 2019"]
[Site "Komenda"]
[Date "2019.11.30"]
[Round "6.4"]
[White "Sivcevic, Nusret"]
[Black "Borstar, Dusan"]
[Result "1-0"]
[WhiteElo "1748"]
[BlackElo "1746"]
[PlyCount "107"]
[EventDate "2019.11.30"]
[WhiteTeam "SK LJUBLJANA"]
[BlackTeam "SD DOMZALE TAJFUN 2"]

1. f4 d5 2. Nf3 Nf6 3. c3 e6 4. Qc2 Bd6 5. d3 Nh5 6. g3 c5 7. e4 g6 8. Be3 b6
9. Bg2 Bb7 10. Nbd2 Nd7 11. O-O-O Qc7 12. e5 Be7 13. g4 Ng7 14. Bf2 h5 15. h3
O-O-O 16. Rde1 Kb8 17. c4 f5 18. g5 d4 19. Nh4 Bxg2 20. Nxg2 Rhg8 21. Nh4 Ne8
22. Qd1 Qc6 23. Nxg6 Rxg6 24. Qxh5 Nf8 25. h4 Qg2 26. Qf3 Qxf3 27. Nxf3 Rg8 28.
h5 Rh8 29. Reg1 Nd7 30. g6 Bf8 31. Ng5 Bh6 32. Nxe6 Rc8 33. Kc2 Rc6 34. Nd8
Nxe5 35. fxe5 Kc7 36. Nf7 Bg7 37. Rg5 Rf8 38. Rxf5 Re6 39. Bg3 Kd7 40. Rhf1 a6
41. Ng5 Rxf5 42. Rxf5 Bh6 43. Nxe6 Kxe6 44. Rf6+ Nxf6 45. exf6 Kxf6 46. Bc7 Bf8
47. Bxb6 Kg7 48. a3 Kh6 49. Kb3 Kxh5 50. Bxc5 Bg7 51. Bd6 Kxg6 52. Ka4 Kf7 53.
Ka5 Bh6 54. Kxa6 1-0

[Event "II. CLANSKA LIGA ZAHOD 2019"]
[Site "Komenda"]
[Date "2019.11.30"]
[Round "6.5"]
[White "Bizjak, Janez"]
[Black "Hribar, Andrej"]
[Result "1/2-1/2"]
[WhiteElo "1798"]
[BlackElo "1714"]
[PlyCount "64"]
[EventDate "2019.11.30"]
[WhiteTeam "SD DOMZALE TAJFUN 2"]
[BlackTeam "SK LJUBLJANA"]

1. Nf3 g6 2. g3 Bg7 3. Bg2 c5 4. c4 Nc6 5. Nc3 e6 6. O-O Nge7 7. e4 O-O 8. a3
f5 9. d3 d5 10. exd5 exd5 11. cxd5 Nxd5 12. Nxd5 Qxd5 13. Ne1 Qe6 14. Qc2 Bd4
15. Nf3 Bd7 16. Bd2 Rab8 17. Bf4 Rbc8 18. Rab1 b6 19. Qc4 Bf6 20. Rfe1 Qxc4 21.
dxc4 Rfe8 22. Be3 Kg7 23. b3 h6 24. Red1 Red8 25. Kf1 Be8 26. Ke2 Na5 27. Nd2
Bf7 28. Rdc1 Re8 29. Kf1 Nc6 30. Nf3 Na5 31. Nd2 Nc6 32. Nf3 Na5 1/2-1/2

[Event "II. CLANSKA LIGA ZAHOD 2019"]
[Site "Komenda"]
[Date "2019.11.30"]
[Round "6.6"]
[White "Guid, Taja"]
[Black "Kosanovic, Aleksander"]
[Result "1-0"]
[WhiteElo "1557"]
[BlackElo "1287"]
[PlyCount "59"]
[EventDate "2019.11.30"]
[WhiteTeam "SK LJUBLJANA"]
[BlackTeam "SD DOMZALE TAJFUN 2"]

1. c4 e5 2. g3 Nf6 3. Bg2 c6 4. Nc3 Bb4 5. e3 d5 6. cxd5 Bxc3 7. bxc3 Nxd5 8.
Ba3 Be6 9. Ne2 Ne7 10. O-O O-O 11. d4 Nd7 12. dxe5 Re8 13. Bxe7 Qxe7 14. f4
Rad8 15. Qc2 Qc5 16. Nd4 Nf8 17. Rfe1 Bc8 18. Rac1 Ne6 19. Qf2 Nxd4 20. exd4
Qa5 21. f5 Bxf5 22. Qxf5 Qxa2 23. Qb1 Qa6 24. Qb3 b5 25. Rf1 Re7 26. Qb4 Rc7
27. Qc5 Ra8 28. d5 Rac8 29. d6 Rd7 30. Bh3 1-0

[Event "II. CLANSKA LIGA ZAHOD 2019"]
[Site "Komenda"]
[Date "2019.11.30"]
[Round "6.2"]
[White "Logar, Metod"]
[Black "Rolih, Miran"]
[Result "0-1"]
[WhiteElo "1982"]
[BlackElo "1880"]
[PlyCount "64"]
[EventDate "2019.11.30"]
[WhiteTeam "SS TZ PREVODI DVOJKA"]
[BlackTeam "SK RIMEX ILIRSKA BISTRICA"]

1. e4 c5 2. Nf3 d6 3. d4 cxd4 4. Nxd4 Nf6 5. Nc3 a6 6. Be2 Qc7 7. O-O e5 8. Nf5
Bxf5 9. exf5 Nbd7 10. Be3 b5 11. a4 b4 12. Nd5 Qa5 13. Bc4 Rc8 14. Qd3 Nxd5 15.
Bxd5 Rc7 16. Bc4 Be7 17. Bxa6 d5 18. Bb5 d4 19. Bxd4 exd4 20. Qxd4 O-O 21. Bxd7
Rd8 22. Rad1 Rcxd7 23. Qg4 Rxd1 24. Rxd1 Rxd1+ 25. Qxd1 Qxa4 26. g3 Qb5 27. Qf3
Qc4 28. f6 gxf6 29. Qf5 Qe6 30. Qf3 f5 31. Kf1 Qc4+ 32. Kg2 Qxc2 0-1

[Event "II. CLANSKA LIGA ZAHOD 2019"]
[Site "Komenda"]
[Date "2019.11.30"]
[Round "6.3"]
[White "Dasic, Jelena"]
[Black "Globevnik, Iztok"]
[Result "1-0"]
[WhiteElo "1798"]
[BlackElo "1809"]
[PlyCount "87"]
[EventDate "2019.11.30"]
[WhiteTeam "SK RIMEX ILIRSKA BISTRICA"]
[BlackTeam "SS TZ PREVODI DVOJKA"]

1. d4 Nf6 2. Bf4 d6 3. e3 g6 4. Nf3 Bg7 5. c3 Nh5 6. Bg3 Nxg3 7. hxg3 Nd7 8.
Nbd2 d5 9. e4 dxe4 10. Nxe4 Nf6 11. Neg5 Qd5 12. Ne5 O-O 13. Qf3 Qxf3 14. gxf3
h6 15. Nh3 Nd7 16. f4 Nxe5 17. fxe5 f6 18. Nf4 Kh7 19. Bd3 Bf5 20. Bxf5 gxf5
21. e6 Rfd8 22. O-O-O c6 23. Rh5 Rd6 24. Rxf5 Rad8 25. g4 b6 26. d5 c5 27. Rh1
Rg8 28. Nh5 Bf8 29. f3 Rg5 30. Rxg5 fxg5 31. Rd1 Kg6 32. Ng3 Rd8 33. Nf5 Kf6
34. c4 Ke5 35. d6 Kf6 36. Re1 Re8 37. d7 Rd8 38. Kd2 h5 39. Ng3 h4 40. Nh5+ Kg6
41. Kd3 Bg7 42. Nxg7 Kxg7 43. Ke4 Kf6 44. Kd5 1-0

[Event "II. CLANSKA LIGA ZAHOD 2019"]
[Site "Komenda"]
[Date "2019.11.30"]
[Round "6.4"]
[White "Planinsek, Bojan"]
[Black "Smolej, Ziga"]
[Result "1/2-1/2"]
[WhiteElo "1734"]
[BlackElo "1632"]
[PlyCount "131"]
[EventDate "2019.11.30"]
[WhiteTeam "SS TZ PREVODI DVOJKA"]
[BlackTeam "SK RIMEX ILIRSKA BISTRICA"]

1. e4 c5 2. c3 Nf6 3. e5 Nd5 4. d4 cxd4 5. cxd4 d6 6. h3 Nc6 7. Nf3 Qc7 8. exd6
Qxd6 9. Nc3 Bf5 10. a3 e6 11. Bb5 Be7 12. Ne5 O-O 13. Nxc6 bxc6 14. Be2 Bf6 15.
O-O Nxc3 16. bxc3 c5 17. Be3 cxd4 18. Bxd4 Bxd4 19. Qxd4 Qxd4 20. cxd4 Rfd8 21.
Rfd1 Rd6 22. Rd2 Rad8 23. Rad1 Be4 24. f3 Bc6 25. Kf2 Kf8 26. Ke3 Ke7 27. Bc4
Kf6 28. Bb3 Bd5 29. Bxd5 Rxd5 30. Rb1 Ra5 31. Rd3 Rc8 32. Rb2 Rc1 33. Kf4 Ra1
34. Rbb3 Ra2 35. g3 g5+ 36. Kg4 Kg6 37. h4 gxh4 38. Kxh4 Rh2+ 39. Kg4 h5+ 40.
Kf4 Re2 41. Re3 Rg2 42. Re5 Ra4 43. Rd3 Ra2 44. Ree3 Ra5 45. Re5 R2xa3 46. Rxa3
Rxa3 47. Rb5 a5 48. Rb8 a4 49. Rg8+ Kh7 50. Rf8 Kg7 51. Ra8 Ra1 52. Ra5 Kg6 53.
Rg5+ Kh6 54. Ra5 a3 55. d5 exd5 56. Rxd5 a2 57. Rd6+ Kg7 58. Ra6 f6 59. Ra7+
Kg6 60. Ra6 Kf7 61. Ra7+ Ke6 62. Ra6+ Kd5 63. Ra5+ Ke6 64. Ra6+ Kf7 65. Ra7+
Kg6 66. Ra5 1/2-1/2

[Event "II. CLANSKA LIGA ZAHOD 2019"]
[Site "Komenda"]
[Date "2019.11.30"]
[Round "6.5"]
[White "Bradac, Simon"]
[Black "Markun, Ozbej"]
[Result "1/2-1/2"]
[WhiteElo "1471"]
[BlackElo "1476"]
[PlyCount "66"]
[EventDate "2019.11.30"]
[WhiteTeam "SK RIMEX ILIRSKA BISTRICA"]
[BlackTeam "SS TZ PREVODI DVOJKA"]

1. e4 e5 2. Nf3 Nc6 3. Bc4 Nf6 4. d3 Be7 5. Nbd2 O-O 6. c3 d5 7. Bb3 h6 8. Qe2
Re8 9. Nf1 Be6 10. Ng3 Qd7 11. h3 a5 12. Ba4 Bd6 13. Nh4 Rab8 14. Qf3 Qd8 15.
Ngf5 Bf8 16. Bc2 Kh7 17. g4 g6 18. Ng3 Bg7 19. Rg1 dxe4 20. dxe4 Nxe4 21. Nxe4
Qxh4 22. g5 Red8 23. gxh6 Bxh6 24. Bxh6 Qxh6 25. Qf6 Qg7 26. Ng5+ Kg8 27. Qxg7+
Kxg7 28. Bxg6 Kf6 29. Nxe6 Kxe6 30. Bh5 Rh8 31. Be2 f5 32. Rg3 Ne7 33. O-O-O b5
1/2-1/2

[Event "II. CLANSKA LIGA ZAHOD 2019"]
[Site "Komenda"]
[Date "2019.11.30"]
[Round "6.6"]
[White "Bobnar, Samo"]
[Black "Hafner Urbanci, Karlo"]
[Result "1-0"]
[WhiteElo "1409"]
[BlackElo "1494"]
[PlyCount "57"]
[EventDate "2019.11.30"]
[WhiteTeam "SS TZ PREVODI DVOJKA"]
[BlackTeam "SK RIMEX ILIRSKA BISTRICA"]

1. e4 b6 2. d4 Bb7 3. Nc3 e6 4. Nf3 Be7 5. g3 Bb4 6. Qd3 Bxc3+ 7. bxc3 h6 8.
Bg2 Ba6 9. c4 d5 10. exd5 exd5 11. Nd2 Nf6 12. Qe3+ Kf8 13. Ba3+ Kg8 14. Be7
Qd7 15. Bxf6 gxf6 16. Bxd5 c6 17. Bg2 Kg7 18. O-O Re8 19. Qf4 Bb7 20. Ne4 Re6
21. Bh3 Rxe4 22. Qxe4 Qxh3 23. Rfe1 Qd7 24. Re3 Qd6 25. Qg4+ Kh7 26. Re8 h5 27.
Qxh5+ Kg7 28. Qg4+ Kh7 29. Rg8 1-0

[Event "II. CLANSKA LIGA ZAHOD 2019"]
[Site "Komenda"]
[Date "2019.11.30"]
[Round "6.1"]
[White "Rodman, Franc"]
[Black "Perme, Martin"]
[Result "1-0"]
[WhiteElo "2052"]
[BlackElo "1489"]
[PlyCount "45"]
[EventDate "2019.11.30"]
[WhiteTeam "SD SIJ ACRONI JESENICE"]
[BlackTeam "SK KOMENDA"]

1. d4 Nf6 2. Nf3 e6 3. g3 d5 4. Bg2 Bd6 5. O-O Ne4 6. c4 c6 7. Nc3 h5 8. Nxe4
dxe4 9. Ng5 h4 10. Nxe4 hxg3 11. Nxd6+ Qxd6 12. hxg3 e5 13. dxe5 Qxe5 14. Qd3
Qh5 15. Rd1 Bd7 16. Bf4 Qf5 17. Qd4 f6 18. Rd3 Na6 19. Rad1 Rd8 20. Qe4+ Qxe4
21. Bxe4 Nc5 22. Bg6+ Kf8 23. Bd6+ 1-0

[Event "II. CLANSKA LIGA ZAHOD 2019"]
[Site "Komenda"]
[Date "2019.11.30"]
[Round "6.2"]
[White "Zaloznik, Vesna"]
[Black "Jeraj, Zlatko"]
[Result "0-1"]
[WhiteElo "1586"]
[BlackElo "2032"]
[PlyCount "62"]
[EventDate "2019.11.30"]
[WhiteTeam "SK KOMENDA"]
[BlackTeam "SD SIJ ACRONI JESENICE"]

1. e4 e5 2. Nf3 Nc6 3. Bc4 Be7 4. Nc3 Nf6 5. d3 d6 6. h3 O-O 7. Be3 Na5 8. Bb3
c6 9. O-O Qc7 10. Nh2 Nxb3 11. axb3 Be6 12. f4 b5 13. f5 Bc8 14. Ng4 Kh8 15.
Qf3 a6 16. Qg3 Bb7 17. d4 Rae8 18. dxe5 dxe5 19. Nxf6 Bxf6 20. Bc5 Rg8 21. Qe3
Be7 22. Bb6 Bg5 23. Qxg5 Qxb6+ 24. Kh2 f6 25. Qg3 Qc5 26. Rad1 Rd8 27. Rd3 Rd4
28. Rfd1 Rgd8 29. Qe3 Qe7 30. Rxd4 exd4 31. Rxd4 Qe5+ 0-1

[Event "II. CLANSKA LIGA ZAHOD 2019"]
[Site "Komenda"]
[Date "2019.11.30"]
[Round "6.3"]
[White "Pazlar, Marko"]
[Black "Kozarski, Aleksander"]
[Result "1-0"]
[WhiteElo "2028"]
[BlackElo "1485"]
[PlyCount "69"]
[EventDate "2019.11.30"]
[WhiteTeam "SD SIJ ACRONI JESENICE"]
[BlackTeam "SK KOMENDA"]

1. Nf3 Nc6 2. d4 d5 3. g3 g6 4. Bg2 f6 5. c4 Be6 6. Nc3 Nh6 7. O-O Nf7 8. cxd5
Bxd5 9. e4 Bc4 10. Re1 Bg7 11. Qa4 b5 12. Nxb5 Bxb5 13. Qxb5 Qd7 14. Bh3 e6 15.
d5 Nce5 16. Qxd7+ Kxd7 17. Bxe6+ Ke7 18. Nxe5 Nxe5 19. Re3 c5 20. f4 Nc6 21.
Rc3 Nd4 22. Rxc5 Nxe6 23. dxe6 Kxe6 24. Be3 Rhc8 25. Rac1 Rxc5 26. Rxc5 Kd6 27.
Kf2 h5 28. b4 a6 29. Kf3 Bf8 30. a3 Kd7 31. Ra5 Bd6 32. b5 Bc7 33. Rxa6 Rb8 34.
a4 Bd8 35. Bd4 1-0

[Event "II. CLANSKA LIGA ZAHOD 2019"]
[Site "Komenda"]
[Date "2019.11.30"]
[Round "6.4"]
[White "Cimperman, Teo"]
[Black "Pavlin, Ivan"]
[Result "1/2-1/2"]
[WhiteElo "1364"]
[BlackElo "1858"]
[PlyCount "81"]
[EventDate "2019.11.30"]
[WhiteTeam "SK KOMENDA"]
[BlackTeam "SD SIJ ACRONI JESENICE"]

1. e4 c5 2. Nf3 e6 3. d4 cxd4 4. Nxd4 d6 5. Nc3 Nf6 6. Be3 Be7 7. f3 Nc6 8. Qd2
Bd7 9. Ndb5 Qb8 10. O-O-O O-O 11. Nxd6 Rd8 12. Nc4 b5 13. e5 Nxe5 14. Nxe5 Qxe5
15. Bd4 Qc7 16. Qe3 b4 17. Ne4 Nd5 18. Qf2 Rdc8 19. Ba6 Rcb8 20. Kb1 Bb5 21.
Bxb5 Rxb5 22. Rc1 e5 23. Be3 f5 24. Qe2 Rab8 25. Nd2 Nxe3 26. Qxe3 h6 27. Qb3+
Kh8 28. h4 Rc5 29. g4 Rd8 30. Nf1 f4 31. g5 Rd6 32. Rh2 Rcd5 33. gxh6 gxh6 34.
h5 Qd8 35. c3 Rd1 36. Rhc2 Rxc1+ 37. Rxc1 bxc3 38. Qxc3 Bf6 39. Qc2 Bg7 40. a3
a6 41. Ka1 1/2-1/2

[Event "II. CLANSKA LIGA ZAHOD 2019"]
[Site "Komenda"]
[Date "2019.11.30"]
[Round "6.5"]
[White "Ravnik, Franc"]
[Black "Macek, Inti"]
[Result "1-0"]
[WhiteElo "1871"]
[BlackElo "1194"]
[PlyCount "95"]
[EventDate "2019.11.30"]
[WhiteTeam "SD SIJ ACRONI JESENICE"]
[BlackTeam "SK KOMENDA"]

1. e4 e5 2. Nf3 Nc6 3. Bb5 Nf6 4. O-O Bc5 5. d3 Nd4 6. Ba4 Nxf3+ 7. Qxf3 O-O 8.
Bg5 d6 9. h3 Be6 10. c3 c6 11. Nd2 h6 12. Bxf6 Qxf6 13. Qxf6 gxf6 14. Kh2 Kh7
15. Bd1 Rg8 16. Bb3 d5 17. Bc2 Kh8 18. b4 Bd6 19. Ba4 f5 20. f3 fxe4 21. fxe4
d4 22. cxd4 exd4+ 23. Kh1 Bxb4 24. Nf3 Bc3 25. Rab1 b6 26. Ne5 c5 27. Nxf7+
Bxf7 28. Rxf7 Raf8 29. Rbf1 Rxf7 30. Rxf7 Rg7 31. Rf6 Kh7 32. Bd1 Rg6 33. Rf5
Rg3 34. Bf3 Rg5 35. g4 Rxf5 36. gxf5 Kg7 37. e5 Kf7 38. Bd5+ Ke7 39. f6+ Kf8
40. e6 Bb4 41. e7+ Ke8 42. Bc6+ Kf7 43. e8=Q+ Kxf6 44. Qe4 h5 45. Bd5 Kg7 46.
Qf5 Kh8 47. Qg6 h4 48. Qg8# 1-0

[Event "II. CLANSKA LIGA ZAHOD 2019"]
[Site "Komenda"]
[Date "2019.11.30"]
[Round "6.6"]
[White "Lapanje, Ajda"]
[Black "Kokalj, Janez"]
[Result "0-1"]
[WhiteElo "1088"]
[BlackElo "1864"]
[PlyCount "76"]
[EventDate "2019.11.30"]
[WhiteTeam "SK KOMENDA"]
[BlackTeam "SD SIJ ACRONI JESENICE"]

1. e4 Nc6 2. Nf3 f5 3. exf5 d5 4. d4 Bxf5 5. Bf4 Nf6 6. Nc3 a6 7. Bd3 Bg4 8.
Be2 e6 9. a3 Bd6 10. Bg3 O-O 11. Qd2 h6 12. O-O-O b5 13. h3 Bh5 14. Ne5 Be8 15.
Nxc6 Bxc6 16. Na2 a5 17. c3 Ne4 18. Qe1 Bxg3 19. fxg3 Nf2 20. Rf1 Nxd1 21.
Rxf8+ Qxf8 22. Qxd1 Bd7 23. Qd2 c5 24. Kb1 b4 25. cxb4 cxb4 26. axb4 axb4 27.
Nxb4 Qf2 28. Qd3 Qe1+ 29. Bd1 Qxb4 30. Bh5 Qe1+ 31. Bd1 Ba4 32. b3 Rb8 33. Kb2
Bb5 34. Qc2 Bc4 35. Qg6 Qxd1 36. Qxe6+ Kh8 37. Qe5 Rxb3+ 38. Ka2 Qb1# 0-1

[Event "II. CLANSKA LIGA ZAHOD 2019"]
[Site "Komenda"]
[Date "2019.11.30"]
[Round "6.1"]
[White "Luzar, Emil"]
[Black "Racnik, Tone"]
[Result "1-0"]
[WhiteElo "2115"]
[BlackElo "1932"]
[PlyCount "60"]
[EventDate "2019.11.30"]
[WhiteTeam "SK DOLENJSKE TOPLICE"]
[BlackTeam "SD VRHNIKA"]

1. e4 d6 2. d4 Nf6 3. Nc3 g6 4. Bc4 Bg7 5. Qe2 O-O 6. e5 Ne8 7. f4 c6 8. Nf3 d5
9. Bd3 f5 10. exf6 exf6 11. f5 gxf5 12. O-O Nd6 13. Nh4 Qb6 14. Qe3 Na6 15. Na4
Qa5 16. b3 b5 17. Nb2 Qb6 18. c3 Re8 19. Qf3 b4 20. Na4 Qd8 21. Nc5 Nxc5 22.
dxc5 Ne4 23. cxb4 a5 24. Nxf5 Bxf5 25. Qxf5 axb4 26. Rf3 Ra5 27. Qg4 Qe7 28.
Rh3 Qxc5+ 29. Be3 Qe7 30. Qh5 Ng5 {nejasno (34)} 1-0